[Event "Julius Baer Gen Cup D3 L"]
[Site "chess.com INT"]
[Date "2024.09.27"]
[Round "1.1"]
[White "Deac, Bogdan-Daniel"]
[Black "Sarana, Alexey"]
[Result "1-0"]
[WhiteTitle "GM"]
[BlackTitle "GM"]
[WhiteElo "2680"]
[BlackElo "2713"]
[WhiteFideId "1226380"]
[BlackFideId "24133795"]
[EventDate "2024.09.27"]
[EventType "k.o."]

1. d4 Nf6 2. c4 e6 3. Nc3 Bb4 4. e3 O-O 5. Bd2 d5 6. Nf3 Nbd7 7. Rc1 Be7 8. Qc2
h6 9. a3 b6 10. cxd5 exd5 11. g3 a5 12. Bb5 Bb7 13. Qa4 Nb8 14. Ne5 Bd6 15. Nc6
Qc8 16. f3 h5 17. O-O Qe6 18. Ne2 Nxc6 19. Bxc6 Bxc6 20. Qxc6 Rfe8 21. Nf4 Qf5
22. Qc2 Qd7 23. Qc6 Qf5 24. Qc2 Qc8 25. Qc6 h4 26. Rf2 Qf5 27. g4 Qg5 28. h3 Re7
29. Qxa8+ Kh7 30. Qc6 g6 31. Qc2 Kg7 32. Ng2 Bg3 33. e4 Bxf2+ 34. Kxf2 Nxe4+ 35.
fxe4 Qf6+ 36. Kg1 Rxe4 37. Be3 Qe6 38. Qf2 Qe7 39. Qf3 f6 40. Bf2 g5 41. Ne3 Qd7
42. Nf5+ Kg6 43. Re1 Qe6 44. Qc3 c5 45. dxc5 bxc5 46. Rxe4 Qxe4 47. Qxc5 Qb1+
48. Kg2 Qe4+ 49. Kh2 Qf4+ 50. Kg1 Qb8 51. Qxd5 a4 52. Qg8+ Qxg8 53. Ne7+ Kf7 54.
Nxg8 Kxg8 55. Kg2 Kf7 56. Kf3 Ke6 57. Ke4 1-0

[Event "Julius Baer Gen Cup D3 L"]
[Site "chess.com INT"]
[Date "2024.09.27"]
[Round "1.1"]
[White "Guseinov, Gadir"]
[Black "Amin, Bassem"]
[Result "1/2-1/2"]
[WhiteTitle "GM"]
[BlackTitle "GM"]
[WhiteElo "2636"]
[BlackElo "2636"]
[WhiteFideId "13401378"]
[BlackFideId "10601457"]
[EventDate "2024.09.27"]
[EventType "k.o."]

1. e4 e5 2. Nf3 Nc6 3. d4 exd4 4. Bc4 Bc5 5. Ng5 Nh6 6. Nxf7 Nxf7 7. Bxf7+ Kxf7
8. Qh5+ g6 9. Qxc5 d5 10. O-O dxe4 11. c3 Qd6 12. Qxd6 cxd6 13. cxd4 Nxd4 14.
Nc3 Bg4 15. Nxe4 Nc2 16. Nxd6+ Ke6 17. Bf4 Nxa1 18. Rxa1 g5 19. Re1+ Kd5 20. Bg3
Kc6 21. f3 Bh5 22. Rc1+ Kd5 23. Ne4 Bg6 24. Rc5+ Ke6 25. Nxg5+ Ke7 26. Rc7+ Kf6
27. Bh4 Rhc8 28. Rxb7 Rc2 29. Nxh7+ Ke6 30. Ng5+ Kd5 31. h3 Re8 32. Rg7 Bf5 33.
Rf7 Bg6 34. Rd7+ Kc6 35. Rxa7 Ree2 36. Ra6+ Kd5 37. Rxg6 Rxg2+ 38. Kf1 Rh2 39.
Kg1 Rcg2+ 40. Kf1 Rxb2 41. Kg1 Rbg2+ 42. Kf1 Rxa2 43. Kg1 Rag2+ 44. Kf1 Ra2 45.
Kg1 Rag2+ 46. Kf1 Ra2 1/2-1/2

[Event "Julius Baer Gen Cup D3 L"]
[Site "chess.com INT"]
[Date "2024.09.27"]
[Round "1.1"]
[White "Hakobyan, Aram"]
[Black "Sargissian, Gabriel"]
[Result "1/2-1/2"]
[WhiteTitle "GM"]
[BlackTitle "GM"]
[WhiteElo "2617"]
[BlackElo "2646"]
[WhiteFideId "13306677"]
[BlackFideId "13300881"]
[EventDate "2024.09.27"]
[EventType "k.o."]

1. e4 e5 2. Nf3 Nc6 3. Nc3 Nf6 4. Nd5 Bc5 5. c3 Nxe4 6. d4 exd4 7. Bd3 f5 8.
Bxe4 fxe4 9. Bg5 Be7 10. Nxe7 Nxe7 11. Qxd4 O-O 12. Qxe4 d5 13. Qe2 Qd7 14. Bxe7
Re8 15. O-O Qxe7 16. Qxe7 Rxe7 17. Rfe1 Rxe1+ 18. Rxe1 Kf8 19. Nd4 Bd7 20. Re5
c6 21. f4 a5 22. Kf2 a4 23. f5 Ra6 24. g4 Rb6 25. Re2 c5 26. Nf3 g6 27. fxg6
Bxg4 28. gxh7 Rh6 29. Kg3 Bxf3 30. Kxf3 Rxh7 31. Rd2 Ke7 32. Kg4 Rg7+ 33. Kf5
Rh7 34. Kg5 Rg7+ 35. Kf5 Rh7 36. Kg4 Rg7+ 37. Kf4 Rh7 38. Kg3 Rg7+ 39. Kf3 Rh7
40. Kg4 1/2-1/2

[Event "Julius Baer Gen Cup D3 L"]
[Site "chess.com INT"]
[Date "2024.09.27"]
[Round "1.1"]
[White "Kobalia, Mikhail"]
[Black "Esipenko, Andrey"]
[Result "0-1"]
[WhiteTitle "GM"]
[BlackTitle "GM"]
[WhiteElo "2543"]
[BlackElo "2677"]
[WhiteFideId "4119150"]
[BlackFideId "24175439"]
[EventDate "2024.09.27"]
[EventType "k.o."]

1. e4 e5 2. Nf3 Nc6 3. Bb5 a6 4. Ba4 Nf6 5. O-O Be7 6. Re1 b5 7. Bb3 O-O 8. a4
b4 9. d3 d6 10. c3 Rb8 11. Nbd2 Na5 12. Ba2 Bg4 13. d4 Nd7 14. h3 Bh5 15. Nc4
Nxc4 16. Bxc4 a5 17. Be3 Bf6 18. g4 Bg6 19. dxe5 Bxe5 20. Qd3 c6 21. Rad1 bxc3
22. bxc3 d5 23. Qd2 Bxe4 24. Bg5 Bf6 25. Rxe4 dxe4 26. Qxd7 exf3 27. Bf4 Rb7 28.
Bxf7+ Kh8 29. Qxd8 Rxd8 30. Rxd8+ Bxd8 31. Be8 Bh4 32. Bxc6 Rb1+ 33. Kh2 Rb2 34.
Bg3 Bxg3+ 35. Kxg3 Rc2 36. Bxf3 g5 37. h4 h6 38. hxg5 hxg5 39. Kg2 Rxc3 40. Be2
Kg7 41. Bb5 Kf6 42. Kf1 Ke5 43. Ke2 Kf4 44. Bd7 Rc7 45. Bb5 Rc2+ 46. Kf1 Kf3 0-1

[Event "Julius Baer Gen Cup D3 L"]
[Site "chess.com INT"]
[Date "2024.09.27"]
[Round "1.1"]
[White "Ponkratov, Pavel"]
[Black "Predke, Alexandr"]
[Result "0-1"]
[WhiteTitle "GM"]
[BlackTitle "GM"]
[WhiteElo "2564"]
[BlackElo "2671"]
[WhiteFideId "4157800"]
[BlackFideId "24107581"]
[EventDate "2024.09.27"]
[EventType "k.o."]

1. Nf3 Nf6 2. c4 b6 3. g3 c5 4. Bg2 Bb7 5. O-O g6 6. d4 cxd4 7. Qxd4 Bg7 8. Nc3
d6 9. Rd1 Nbd7 10. Qh4 h5 11. h3 Rc8 12. Bg5 Nh7 13. Rac1 Bxf3 14. Bxf3 Nxg5 15.
Qxg5 Bh6 16. Qb5 Bxc1 17. Rxc1 O-O 18. b3 Nf6 19. Qa6 Qd7 20. Nb5 Qxh3 21. Qxa7
h4 22. Bg2 Qe6 23. gxh4 Qxe2 24. Qxb6 Rc5 25. Qb7 Rf5 26. Rf1 Qe5 27. Bf3 Rf4
28. Rc1 Rxh4 29. Nc3 Qg5+ 0-1

[Event "Julius Baer Gen Cup D3 L"]
[Site "chess.com INT"]
[Date "2024.09.27"]
[Round "1.1"]
[White "Yilmaz, Mustafa"]
[Black "Svane, Frederik"]
[Result "1-0"]
[WhiteTitle "GM"]
[BlackTitle "GM"]
[WhiteElo "2587"]
[BlackElo "2640"]
[WhiteFideId "6302718"]
[BlackFideId "12923044"]
[EventDate "2024.09.27"]
[EventType "k.o."]

1. d4 Nf6 2. c4 e6 3. Nf3 d5 4. Nc3 c6 5. e3 Nbd7 6. Qc2 Bd6 7. Be2 O-O 8. O-O
b6 9. e4 dxe4 10. Nxe4 Nxe4 11. Qxe4 Bb7 12. Bd3 Nf6 13. Qh4 Re8 14. Rd1 h6 15.
c5 bxc5 16. dxc5 Bxc5 17. Bh7+ Nxh7 18. Rxd8 Raxd8 19. Bd2 Bb6 20. Bc3 c5 21.
Qg3 f6 22. a4 Rd7 23. a5 Bc7 24. Qg4 Rd5 25. Re1 Ng5 26. Nd2 e5 27. h4 Ne6 28.
Ne4 Kf8 29. Qg6 Nf4 30. Qh7 Kf7 31. g3 Ne6 32. h5 Rd7 33. Qg6+ Kf8 34. Qf5 Bc6
35. b4 cxb4 36. Bxb4+ Kg8 37. Qg6 Rf7 38. Rc1 Bxe4 39. Qxe4 Nd4 40. Kg2 Rb8 41.
Qd5 Bd8 42. Bd6 Rb5 43. Qa2 Rxa5 44. Qc4 Rb5 45. Qc8 Rd5 46. Qxd8+ Kh7 47. Qe8
Rb7 48. Qg6+ Kg8 49. Rc8# 1-0

[Event "Julius Baer Gen Cup D3 L"]
[Site "chess.com INT"]
[Date "2024.09.27"]
[Round "1.2"]
[White "Amin, Bassem"]
[Black "Guseinov, Gadir"]
[Result "1-0"]
[WhiteTitle "GM"]
[BlackTitle "GM"]
[WhiteElo "2636"]
[BlackElo "2636"]
[WhiteFideId "10601457"]
[BlackFideId "13401378"]
[EventDate "2024.09.27"]
[EventType "k.o."]

1. e4 c5 2. Nf3 e6 3. d3 d5 4. Nbd2 Nc6 5. g3 g6 6. Bg2 Bg7 7. O-O Nge7 8. Re1
O-O 9. h4 b5 10. e5 Qc7 11. Qe2 f6 12. exf6 Bxf6 13. c4 bxc4 14. dxc4 Rb8 15.
Nb3 dxc4 16. Bf4 e5 17. Qxc4+ Kg7 18. Bd2 Qb6 19. Nxc5 Qxb2 20. Ne4 Qb5 21. Qxb5
Rxb5 22. a4 Rb2 23. Rac1 Ra2 24. Be3 Rxa4 25. Nxf6 Rxf6 26. Bg5 Re6 27. Rc5 h6
28. Bxe7 Nxe7 29. Nxe5 Rf6 30. Rc7 Kf8 31. Nc6 1-0

[Event "Julius Baer Gen Cup D3 L"]
[Site "chess.com INT"]
[Date "2024.09.27"]
[Round "1.2"]
[White "Esipenko, Andrey"]
[Black "Kobalia, Mikhail"]
[Result "1/2-1/2"]
[WhiteTitle "GM"]
[BlackTitle "GM"]
[WhiteElo "2677"]
[BlackElo "2543"]
[WhiteFideId "24175439"]
[BlackFideId "4119150"]
[EventDate "2024.09.27"]
[EventType "k.o."]

1. d4 d5 2. Nf3 Nf6 3. Bf4 c5 4. e3 Nc6 5. Nbd2 Bg4 6. c3 e6 7. Qa4 Nd7 8. h3
Bh5 9. Bb5 Qc8 10. Ne5 Ncxe5 11. Bxe5 a6 12. Bxd7+ Qxd7 13. Qxd7+ Kxd7 14. dxc5
f6 15. Bd6 Bxd6 16. cxd6 Kxd6 17. Nb3 Rhd8 18. Kd2 e5 19. Nc1 a5 20. Nd3 Ra6 21.
a4 Bg6 22. b4 Rc8 23. bxa5 Rxa5 24. Rhb1 Ra7 25. a5 Rc6 26. Rb5 Bxd3 27. Kxd3
Rc5 28. Rb6+ Kc7 29. Re6 Raxa5 30. Rxa5 Rxa5 31. Re7+ Kd6 32. Rxg7 Ra2 33. f3 f5
34. e4 dxe4+ 35. fxe4 f4 36. Rxb7 Rxg2 37. Rxh7 Rg3+ 38. Kc4 Re3 39. Rh6+ Ke7
40. Kd5 f3 41. Kxe5 f2 42. Re6+ Kd7 43. Rf6 Rxc3 44. Rxf2 Rxh3 45. Rf7+ Ke8 1/2-1/2

[Event "Julius Baer Gen Cup D3 L"]
[Site "chess.com INT"]
[Date "2024.09.27"]
[Round "1.2"]
[White "Predke, Alexandr"]
[Black "Ponkratov, Pavel"]
[Result "1/2-1/2"]
[WhiteTitle "GM"]
[BlackTitle "GM"]
[WhiteElo "2671"]
[BlackElo "2564"]
[WhiteFideId "24107581"]
[BlackFideId "4157800"]
[EventDate "2024.09.27"]
[EventType "k.o."]

1. e4 c5 2. Nf3 e6 3. d4 cxd4 4. Nxd4 Nc6 5. Nc3 Qc7 6. Be3 a6 7. Bd3 Nf6 8. Qe2
Ne5 9. f4 Neg4 10. Bd2 Bc5 11. h3 Bxd4 12. hxg4 Bxc3 13. bxc3 d6 14. g5 Nd7 15.
c4 Nc5 16. Bc3 e5 17. f5 Bd7 18. Rb1 Bc6 19. Bb4 O-O-O 20. Qe3 Qe7 21. Kf2 f6
22. gxf6 gxf6 23. Rh6 Rhg8 24. Rbh1 Rg7 25. R1h2 Rdg8 26. R6h4 Kb8 27. a3 Be8
28. Rh6 Bc6 29. R6h4 b6 30. Qh3 Rg3 31. Qxg3 Rxg3 32. Kxg3 Qg7+ 33. Kf2 Qg5 34.
Ke2 b5 35. cxb5 axb5 36. Bd2 Qg3 37. Be1 Qg5 38. Bd2 Qg3 39. Be1 Qg5 40. Bd2 1/2-1/2

[Event "Julius Baer Gen Cup D3 L"]
[Site "chess.com INT"]
[Date "2024.09.27"]
[Round "1.2"]
[White "Sarana, Alexey"]
[Black "Deac, Bogdan-Daniel"]
[Result "1/2-1/2"]
[WhiteTitle "GM"]
[BlackTitle "GM"]
[WhiteElo "2713"]
[BlackElo "2680"]
[WhiteFideId "24133795"]
[BlackFideId "1226380"]
[EventDate "2024.09.27"]
[EventType "k.o."]

1. d4 Nf6 2. c4 e6 3. Nc3 Bb4 4. e3 O-O 5. Bd3 d5 6. a3 dxc4 7. Bxc4 Be7 8. Qe2
c5 9. dxc5 Nbd7 10. b4 a5 11. Bb2 axb4 12. axb4 Rxa1+ 13. Bxa1 b6 14. c6 b5 15.
Bxb5 Bxb4 16. Qa2 Qb6 17. cxd7 Bb7 18. Ne2 Qxb5 19. O-O Qxd7 20. Rc1 Rc8 21. Qb2
Bf8 22. Rd1 Qc6 23. f3 Ba6 24. Nd4 Qc4 25. Kf2 Nd5 26. Ne4 Qb4 27. Qa2 Qa3 28.
Qb1 Qxe3+ 29. Kg3 Qf4+ 30. Kh3 Qh6+ 31. Kg3 Qf4+ 32. Kf2 Qe3+ 33. Kg3 Qf4+ 1/2-1/2

[Event "Julius Baer Gen Cup D3 L"]
[Site "chess.com INT"]
[Date "2024.09.27"]
[Round "1.2"]
[White "Sargissian, Gabriel"]
[Black "Hakobyan, Aram"]
[Result "1/2-1/2"]
[WhiteTitle "GM"]
[BlackTitle "GM"]
[WhiteElo "2646"]
[BlackElo "2617"]
[WhiteFideId "13300881"]
[BlackFideId "13306677"]
[EventDate "2024.09.27"]
[EventType "k.o."]

1. Nf3 d5 2. g3 g6 3. Bg2 Bg7 4. d4 Nf6 5. O-O O-O 6. c4 c6 7. b3 Bf5 8. Bb2
Nbd7 9. e3 a5 10. Nc3 Ne4 11. Qe2 Nxc3 12. Bxc3 Be4 13. Rfd1 a4 14. Bf1 Bxf3 15.
Qxf3 e6 16. b4 Nb6 17. c5 Nd7 18. b5 Re8 19. Rdc1 e5 20. Rab1 exd4 21. Bxd4 Ne5
22. Qd1 h5 23. bxc6 bxc6 24. Rb6 Qd7 25. Rcb1 a3 26. h4 Rac8 27. Kg2 Qf5 28. Be2
Ng4 29. Bxg4 hxg4 30. Bxg7 Kxg7 31. Qd4+ Kg8 32. Qf4 Qe4+ 33. Qxe4 Rxe4 34. R1b4
Rce8 35. Rxe4 Rxe4 36. Rxc6 Rc4 37. Ra6 Rxc5 38. Rxa3 Rc2 39. Ra4 f5 40. Ra7 Rd2
41. Kf1 d4 42. exd4 Rxd4 43. a4 Rd2 44. a5 Ra2 45. a6 Kf8 46. Ke1 Ke8 47. Kd1
Kd8 48. Ra8+ Kc7 49. a7 Kb7 50. Rg8 Kxa7 51. Ke1 Ra6 52. Ke2 Re6+ 53. Kd3 Kb7
54. Kd4 Kc6 55. Ra8 Kd7 56. Ra7+ Ke8 57. Kd3 Kf8 58. Rb7 Kg8 59. Ra7 Kf8 60. Rb7
Kg8 61. Ra7 Kf8 1/2-1/2

[Event "Julius Baer Gen Cup D3 L"]
[Site "chess.com INT"]
[Date "2024.09.27"]
[Round "1.2"]
[White "Svane, Frederik"]
[Black "Yilmaz, Mustafa"]
[Result "1-0"]
[WhiteTitle "GM"]
[BlackTitle "GM"]
[WhiteElo "2640"]
[BlackElo "2587"]
[WhiteFideId "12923044"]
[BlackFideId "6302718"]
[EventDate "2024.09.27"]
[EventType "k.o."]

1. e4 c5 2. Nf3 d6 3. d4 cxd4 4. Nxd4 Nf6 5. Nc3 a6 6. Bc4 e6 7. Bb3 Nbd7 8. Be3
Nc5 9. f3 Be7 10. g4 Nfd7 11. Qd2 Bh4+ 12. Ke2 b5 13. g5 g6 14. Rhg1 h6 15. gxh6
Ne5 16. f4 Nc4 17. Bxc4 bxc4 18. Nc6 Qc7 19. Qd4 Rh7 20. Qg7 Rxg7 21. hxg7 Qxc6
22. g8=Q+ Ke7 23. Qh7 Bf6 24. e5 Bb7 25. exf6+ Kxf6 26. Raf1 Ne4 27. Rxg6+ Ke7
28. f5 1-0

[Event "Julius Baer Gen Cup D3 L"]
[Site "chess.com INT"]
[Date "2024.09.27"]
[Round "1.3"]
[White "Hakobyan, Aram"]
[Black "Sargissian, Gabriel"]
[Result "1-0"]
[WhiteTitle "GM"]
[BlackTitle "GM"]
[WhiteElo "2617"]
[BlackElo "2646"]
[WhiteFideId "13306677"]
[BlackFideId "13300881"]
[EventDate "2024.09.27"]
[EventType "k.o."]

1. e4 e5 2. Nf3 Nc6 3. Nc3 Nf6 4. Nd5 Bc5 5. c3 O-O 6. d3 h6 7. Nxf6+ Qxf6 8. g4
d5 9. g5 hxg5 10. Bxg5 Qd6 11. Rg1 Re8 12. b4 Bb6 13. a4 a5 14. b5 Ne7 15. h4
Ng6 16. h5 Nf4 17. h6 g6 18. Rh1 Bg4 19. h7+ Kh8 20. Rh4 Bh5 21. d4 dxe4 22.
Nxe5 Rxe5 23. Bxf4 Bxd1 24. Bxe5+ Qxe5 25. dxe5 Bc2 26. Bg2 Re8 27. Kd2 Bb3 28.
Rxe4 Rd8+ 29. Ke1 Rd3 30. Rc1 Kxh7 31. Rh4+ Kg7 32. Bxb7 Bc5 33. Be4 Rd8 34. Bc2
Be6 35. Rd1 Re8 36. Kf1 Bc8 37. f4 Be6 38. Rd2 Bc4+ 39. Ke1 Be7 40. Rh1 1-0

[Event "Julius Baer Gen Cup D3 L"]
[Site "chess.com INT"]
[Date "2024.09.28"]
[Round "2.1"]
[White "Deac, Bogdan-Daniel"]
[Black "Makarian, Rudik"]
[Result "1/2-1/2"]
[WhiteTitle "GM"]
[BlackTitle "IM"]
[WhiteElo "2680"]
[BlackElo "2550"]
[WhiteFideId "1226380"]
[BlackFideId "44105681"]
[EventDate "2024.09.27"]
[EventType "k.o."]

1. Nf3 Nf6 2. c4 e6 3. b3 d5 4. Bb2 dxc4 5. bxc4 b6 6. g3 Bb7 7. Bg2 Be7 8. O-O
O-O 9. d3 c5 10. a4 Nc6 11. Ne5 Qc7 12. Nxc6 Bxc6 13. Nd2 Bxg2 14. Kxg2 Nd7 15.
a5 Qc6+ 16. Kg1 Rfb8 17. axb6 axb6 18. Qb3 h5 19. h4 Kh7 20. Nf3 Rxa1 21. Rxa1
Ra8 22. Rxa8 Qxa8 23. Qb5 Qb7 24. Ne5 Nxe5 25. Bxe5 Bf6 26. Bxf6 gxf6 27. d4 Qe4
28. dxc5 bxc5 29. Qxc5 Qxe2 30. Qd4 e5 31. Qd5 Kg7 32. c5 e4 33. Qd4 Qc2 34. Kg2
Kg6 35. Qe3 Kg7 36. Kh2 Kg6 37. Kg1 Kg7 38. Qd4 Kg6 39. Kf1 Kg7 40. Ke1 Kg6 41.
Kf1 Kg7 42. Qd5 Kg6 43. c6 Qc1+ 44. Kg2 Qc2 45. Kf1 e3 46. fxe3 Qc1+ 47. Ke2
Qc2+ 48. Kf3 f5 49. Qd6+ f6 50. Qd5 Qc1 51. Qg8+ Kh6 52. Qf8+ Kg6 53. Qe8+ Kg7
54. Qd7+ Kg6 55. e4 Qc3+ 56. Ke2 Qc2+ 57. Ke1 Qc1+ 58. Kf2 Qc2+ 59. Ke3 Qc3+ 60.
Ke2 Qc2+ 61. Kf1 Qc1+ 62. Kg2 Qc2+ 63. Kh3 Qxe4 64. Kh2 Qe2+ 65. Kg1 Qe1+ 66.
Kg2 Qe2+ 67. Kg1 Qe1+ 68. Kg2 Qe2+ 69. Kg1 1/2-1/2

[Event "Julius Baer Gen Cup D3 L"]
[Site "chess.com INT"]
[Date "2024.09.28"]
[Round "2.1"]
[White "Gelfand, Boris"]
[Black "Amin, Bassem"]
[Result "1/2-1/2"]
[WhiteTitle "GM"]
[BlackTitle "GM"]
[WhiteElo "2658"]
[BlackElo "2636"]
[WhiteFideId "2805677"]
[BlackFideId "10601457"]
[EventDate "2024.09.27"]
[EventType "k.o."]

1. d4 Nf6 2. c4 g6 3. Nc3 Bg7 4. e4 d6 5. Be2 O-O 6. Nf3 e5 7. O-O exd4 8. Nxd4
Re8 9. f3 c6 10. Bg5 Qb6 11. Kh1 Nxe4 12. Nxe4 Qxd4 13. Nxd6 Re6 14. Nxc8 h6 15.
Qxd4 Bxd4 16. Rad1 c5 17. Bxh6 Rxe2 18. Rfe1 Rxe1+ 19. Rxe1 Bxb2 20. Nd6 Nc6 21.
Nxb7 Bc3 22. Rc1 Bd4 23. Nd6 Nb4 24. Nb5 Nxa2 25. Re1 Bf6 26. Be3 Re8 27. Nc7
Re5 28. Nd5 Bg7 29. Rf1 Nb4 30. Bxc5 Nxd5 31. cxd5 Rxd5 32. Bxa7 Ra5 33. Be3 Ra1
34. Kg1 Rxf1+ 35. Kxf1 f5 36. Ke2 Kf7 37. Kd3 Be5 38. h3 Ke6 39. g4 fxg4 40.
hxg4 Kf7 41. Ke4 Bb2 42. Bd4 Bc1 43. Ke5 Bd2 44. f4 Bc1 45. f5 gxf5 46. Kxf5 Bd2
47. Be5 Bc1 48. g5 Bxg5 1/2-1/2

[Event "Julius Baer Gen Cup D3 L"]
[Site "chess.com INT"]
[Date "2024.09.28"]
[Round "2.1"]
[White "Hakobyan, Aram"]
[Black "Svane, Rasmus"]
[Result "1-0"]
[WhiteTitle "GM"]
[BlackTitle "GM"]
[WhiteElo "2617"]
[BlackElo "2629"]
[WhiteFideId "13306677"]
[BlackFideId "4657101"]
[EventDate "2024.09.27"]
[EventType "k.o."]

1. e4 e5 2. Nf3 Nc6 3. Bb5 Nf6 4. O-O Nxe4 5. Re1 Nd6 6. Nxe5 Be7 7. Bd3 Nxe5 8.
Rxe5 O-O 9. Nc3 c6 10. Re1 Ne8 11. Qe2 Bf6 12. Ne4 Be5 13. Qh5 f5 14. Ng5 Nf6
15. Qh4 d6 16. Bc4+ d5 17. Rxe5 dxc4 18. Qxc4+ Nd5 19. d4 h6 20. Nf3 Qf6 21. Qe2
b5 22. Bd2 Bd7 23. a4 a6 24. b3 b4 25. a5 f4 26. Qc4 Bg4 27. Rae1 Bxf3 28. gxf3
Qg6+ 29. Kh1 Rf6 30. Rxd5 cxd5 31. Qxd5+ Kh7 32. Qxa8 Rc6 33. Bxf4 Qxc2 34. Rc1
Qxf2 35. Qxc6 1-0

[Event "Julius Baer Gen Cup D3 L"]
[Site "chess.com INT"]
[Date "2024.09.28"]
[Round "2.1"]
[White "Navara, David"]
[Black "Predke, Alexandr"]
[Result "1-0"]
[WhiteTitle "GM"]
[BlackTitle "GM"]
[WhiteElo "2681"]
[BlackElo "2671"]
[WhiteFideId "309095"]
[BlackFideId "24107581"]
[EventDate "2024.09.27"]
[EventType "k.o."]

1. e4 e5 2. Nf3 Nc6 3. Bb5 a6 4. Ba4 Nf6 5. O-O b5 6. Bb3 Bc5 7. c3 d6 8. d4 Bb6
9. Be3 O-O 10. h3 h6 11. Nbd2 exd4 12. cxd4 Ne7 13. Re1 c5 14. e5 dxe5 15. dxc5
Bc7 16. Nf1 Bb7 17. Ng3 Re8 18. Qxd8 Raxd8 19. Rad1 Ned5 20. Bc1 e4 21. Nd4 e3
22. Ndf5 exf2+ 23. Kxf2 Re6 24. a3 Rde8 25. Nd6 Bxd6 26. cxd6 Rxe1 27. Rxe1 Rxe1
28. Kxe1 Nb6 29. Kf2 Bd5 30. Bc2 Nc4 31. Nf5 Be6 32. b3 Bxf5 33. Bxf5 Nxd6 34.
Bd3 Kf8 35. Ke3 Ke7 36. Kd4 Kd7 37. a4 Kc6 38. Ba3 Nfe8 39. Be2 f6 40. Bf3+ Kd7
41. Kc5 f5 42. Bc6+ Ke6 43. a5 g5 44. Kb6 Nf6 45. Kxa6 f4 46. Kb6 h5 47. Bxd6
Kxd6 48. a6 g4 49. hxg4 h4 50. a7 f3 51. gxf3 1-0

[Event "Julius Baer Gen Cup D3 L"]
[Site "chess.com INT"]
[Date "2024.09.28"]
[Round "2.1"]
[White "Niemann, Hans Moke"]
[Black "Svane, Frederik"]
[Result "1-0"]
[WhiteTitle "GM"]
[BlackTitle "GM"]
[WhiteElo "2733"]
[BlackElo "2640"]
[WhiteFideId "2093596"]
[BlackFideId "12923044"]
[EventDate "2024.09.27"]
[EventType "k.o."]

1. e4 c5 2. Nf3 d6 3. d4 cxd4 4. Nxd4 Nf6 5. Nc3 a6 6. Bd3 g6 7. Be3 Ng4 8. Bg5
Bg7 9. Be2 h6 10. Bc1 Nf6 11. Be3 Bd7 12. a4 Nc6 13. O-O O-O 14. f3 Rc8 15. Nxc6
Bxc6 16. a5 Nd7 17. Qd2 Kh7 18. Ra2 Qc7 19. Rc1 Rfe8 20. Bf1 e6 21. Bf2 Ne5 22.
Raa1 f5 23. Qe1 Rf8 24. Ra3 Qe7 25. exf5 Rxf5 26. Ne4 Bxe4 27. Qxe4 d5 28. Qe1
Nc4 29. Bxc4 Rxc4 30. Re3 e5 31. c3 e4 32. Qe2 Qf7 33. fxe4 dxe4 34. Rf1 Rxa5
35. Rxe4 Rxe4 36. Qxe4 Rf5 37. Qe2 a5 38. Rd1 b5 39. h3 Re5 40. Qg4 h5 41. Qd7
Rf5 42. Qxf7 Rxf7 43. Rd5 Rb7 44. Bc5 b4 45. cxb4 axb4 46. Bd4 Bxd4+ 47. Rxd4
Kg7 48. Kf2 Kf6 49. Ke3 Re7+ 50. Kd3 Re1 51. Rxb4 Rg1 52. Rf4+ Ke5 53. Rf2 g5
54. b4 g4 55. hxg4 hxg4 56. Kc4 Rc1+ 57. Kb5 Ke4 58. g3 Rc8 59. Rf4+ 1-0

[Event "Julius Baer Gen Cup D3 L"]
[Site "chess.com INT"]
[Date "2024.09.28"]
[Round "2.1"]
[White "Santos Latasa, Jaime"]
[Black "Bosiocic, Marin"]
[Result "0-1"]
[WhiteTitle "GM"]
[BlackTitle "GM"]
[WhiteElo "2624"]
[BlackElo "2555"]
[WhiteFideId "2293307"]
[BlackFideId "14507927"]
[EventDate "2024.09.27"]
[EventType "k.o."]

1. e4 c6 2. d4 d5 3. Nd2 dxe4 4. Nxe4 Nf6 5. Nxf6+ exf6 6. c3 Bd6 7. Bd3 O-O 8.
Ne2 Re8 9. O-O Nd7 10. Ng3 Nf8 11. f4 Bc7 12. Bc2 Be6 13. f5 Bc4 14. Rf2 c5 15.
b3 Ba6 16. Nh5 cxd4 17. cxd4 Qxd4 18. Bh6 Bb6 19. Bxg7 Qxf2+ 20. Kh1 Nd7 21.
Bxf6 Re2 0-1

[Event "Julius Baer Gen Cup D3 L"]
[Site "chess.com INT"]
[Date "2024.09.28"]
[Round "2.2"]
[White "Amin, Bassem"]
[Black "Gelfand, Boris"]
[Result "0-1"]
[WhiteTitle "GM"]
[BlackTitle "GM"]
[WhiteElo "2636"]
[BlackElo "2658"]
[WhiteFideId "10601457"]
[BlackFideId "2805677"]
[EventDate "2024.09.27"]
[EventType "k.o."]

1. e4 c5 2. Nf3 Nc6 3. Bb5 e6 4. Bxc6 bxc6 5. d3 Ne7 6. Nbd2 Qc7 7. h4 e5 8. h5
d6 9. Nc4 Ng8 10. Nh2 Nf6 11. O-O Be6 12. b3 d5 13. Ne3 dxe4 14. dxe4 Nxe4 15.
Qf3 Nf6 16. Bb2 e4 17. Qe2 Bd6 18. Nhg4 Nxh5 19. Nc4 f5 20. Nxd6+ Qxd6 21. Be5
Qe7 22. Ne3 Qg5 23. f4 exf3 24. Qxf3 O-O 25. Bd6 Rf7 26. Rae1 Rc8 27. Nc4 Bd5
28. Qf2 f4 29. Re5 Qg6 30. Bxc5 Ng3 31. Rfe1 Qh6 32. Re8+ Rf8 0-1

[Event "Julius Baer Gen Cup D3 L"]
[Site "chess.com INT"]
[Date "2024.09.28"]
[Round "2.2"]
[White "Bosiocic, Marin"]
[Black "Santos Latasa, Jaime"]
[Result "1-0"]
[WhiteTitle "GM"]
[BlackTitle "GM"]
[WhiteElo "2555"]
[BlackElo "2624"]
[WhiteFideId "14507927"]
[BlackFideId "2293307"]
[EventDate "2024.09.27"]
[EventType "k.o."]

1. Nf3 Nf6 2. g3 c5 3. c4 b6 4. Bg2 Bb7 5. O-O g6 6. d4 cxd4 7. Qxd4 Bg7 8. Nc3
d6 9. Be3 Nbd7 10. Rac1 Rc8 11. b3 O-O 12. Qh4 Re8 13. g4 a6 14. g5 Nh5 15. Nd5
b5 16. Nd4 e5 17. Nf5 gxf5 18. Qxh5 bxc4 19. bxc4 f4 20. Bd2 Nf8 21. Nf6+ Bxf6
22. Bxb7 Bg7 23. Bxc8 Qxc8 24. e3 Ne6 25. exf4 exf4 26. Rfe1 Qc6 27. Qg4 Be5 28.
Bc3 Qc5 29. Re4 Qa3 30. Bd2 Qd3 31. Qe2 Qxe2 32. Rxe2 Nd4 33. Rce1 Rc8 34. Rxe5
dxe5 35. Kg2 Rc5 36. Re4 Nc6 37. Kf3 h6 38. h4 hxg5 39. hxg5 Kg7 40. Kg4 Kg6 41.
Bc3 a5 42. a3 Kg7 43. Rxf4 Kf8 44. Re4 Kg8 45. f4 exf4 46. Re8+ Kh7 47. Rh8+ Kg6
48. Rh6# 1-0